000
00336nam a2200145Ia 4500
008
191201s2011 xx 000 0 und d
082
_a
301
_b
VII
100
_a
BHUSHAN, Vidya
245
0
_a
Introduction to Sociology
250
_a
14th
260
_a
N. Delhi
_b
Kitab Mahal
_c
2011
300
_a
936+76
650
_a
MBA
942
_2
ddc
_c
BK
999
_c
5201
_d
5201